Football Players A-Z - Statistics

General Stats
  • This quiz has been taken 400 times
  • The average score is 11 of 26
Answer Stats
Nationality Player % Correct
B Wales Tottenham Hotspur Gareth Bale
95%
M Argentina Barcelona Lionel Messi
76%
Z France Real Madrid Zinedine Zidane
74%
I Sweden PSG Zlatan Ibrahimović
73%
X Spain Barcelona Xavi
70%
G Wales Manchester United Ryan Giggs
62%
T Côte d'Ivoire Manchester City Gnégnéri Yaya Touré
59%
K France Chelsea N'Golo Kanté
54%
F Portugal Barcelona Luís Figo
52%
O England Liverpool Michael Owen
44%
Q Portugal Porto Ricardo Quaresma
44%
V France Arsenal Patrick Vieira
41%
L Germany Bayern Munich Philipp Lahm
41%
E France Manchester United Patrice Evra
40%
W Belgium Zenit St Petersburg Axel Witsel
37%
Y Trinidad and Tobago Aston Villa Dwight Yorke
36%
N England Manchester United Gary Neville
32%
P Brazil Guangzhou Evergrande Paulinho
28%
D France Juventus Didier Deschamps
26%
A Spain Real Madrid Xabi Alonso
26%
S Germany Bayern Munich Bastian Schweinsteiger
22%
R Spain Liverpool Pepe Reina
21%
J England Tottenham Hotspur Jermaine Jenas
18%
U England West Ham Matthew Upson
18%
C England Manchester United Bobby Charlton
15%
H Ireland Norwich City Wesley Hoolahan
7%
No matching quizzes found
Score Distribution
Percent of People with Each Score
Percentile by Number Answered
Your Score History
You have not taken this quiz